LEADER 01027dam--2200361---450 001 990001748870203316 005 20170502161931.0 035 $a000174887 035 $aUSA01000174887 035 $a(ALEPH)000174887USA01 035 $a000174887 100 $a20040611d19..----km-y0itay0103----ba 101 0 $aita 102 $aIT 105 $a||||||||001yy 200 1 $aOpere complete$fNikolaj Lenin 210 $aRoma$cEditori Riuniti$d19.. 215 $av.$d22 cm 327 1 $a : 1916-1917. Traduzione di Ignazio Ambrogio. - 1965. - 416 p. ; 410 0$12001 454 1$12001 461 1$1001-------$12001 700 1$aLENIN,$bNikolaj$0444392 801 0$aIT$bsalbc$gISBD 912 $a990001748870203316 951 $aII.1.D. 669/23(IV A 428/4)$b19050 L.M.$cIV A 959 $aBK 969 $aUMA 979 $aSIAV2$b10$c20040611$lUSA01$h1549 979 $aSIAV2$b10$c20040611$lUSA01$h1549 979 $aCOPAT5$b90$c20050524$lUSA01$h1421 996 $aOpere complete$9945689 997 $aUNISA